Praktické postupy účtovania, oceňovania a vykazovania prenájmov v súlade s medzinárodným štandardom finančného výkazníctva IFRS 16 – Lízingy bakalárska práca

Salvato in:
Dettagli Bibliografici
Autore principale: Pullmann, Daniel
Ente Autore: Fakulta hospodárskej informatiky EU. Katedra účtovníctva a audítorstva
Altri autori: Užík, Ján, 1969-
Natura: Libro
Lingua:slovacco
Pubblicazione: Bratislava 2021
Tags: Aggiungi Tag
Nessun Tag, puoi essere il primo ad aggiungerne!!

MARC

LEADER 00000nbm a2200000 4500
001 0276206
005 20220322142926.8
041 0 |a slo 
044 |a SK 
245 1 0 |a Praktické postupy účtovania, oceňovania a vykazovania prenájmov v súlade s medzinárodným štandardom finančného výkazníctva IFRS 16 – Lízingy  |b bakalárska práca  |c Daniel Pullmann ; školiteľ: Ján Užík 
264 1 |a Bratislava  |c 2021 
300 |a 47 s. 
100 1 |a Pullmann, Daniel 
700 1 |a Užík, Ján, 1969- 
710 2 |a Fakulta hospodárskej informatiky EU. Katedra účtovníctva a audítorstva